000 01603cam a22004694i 4500
003 PE-LiUPU
005 20250731173521.0
008 150616s r 000 0 d
020 _a0664244092
035 _a(Sirsi) i9780664244095
040 _aPE-LiUPU
_bspa
_cPE-LiUPU
_erda
049 _aPRUA
082 0 4 _a264
_bB94
_221
100 1 _aBurkhart, John Ernest,
_eautor.
245 1 0 _aWorship: A Seaching Examination of the Liturgical Experience.
264 1 _aPhiladelphia :
_bThe Westminster Press,
_c1982.
300 _a162 páginas ;
_c20 centímetros
336 _atext
_2rdacontent
337 _aunmediated
_2rdamedia
338 _avolume
_2rdacarrier
504 _aBibliografía: páginas 141-153.
505 0 _aWhy Worship?.- The Lord's Assembly.- The Lord's Day.- The Lord's Day.- The Lord's Feast.- The Lord's Service.- The Lord's Welcome.
526 _aSEG42
526 _aSEG41
526 _aSEG40
526 _aSEG39
526 _aP94
526 _aP87
526 _aP86
526 _aP85
526 _aP77
526 _aP76
526 _aP35
650 0 4 _aCULTO Y ADORACION.
910 _ajck
_bjvq
_cjck
942 _2ddc
_cBOOK
949 _a264 B94
_wDEWEY
_c1
_i41891
_lCCODEBUL1
_mBUL
_r0
_sY
_tBOOK
_u2015-6-16
_xTEOLOGIA
_zUNKNOWN
_0COMPRA
_o.STAFF. Colección General
994 _aC0
_bPEPRU
596 _a1
999 _a264 B94
_wDEWEY
_c59653
_i41891
_d59653
_f2021-11-10
_g5
_lCCODEBUL1
_mBUL
_q1
_r0
_sY
_tBOOK
_u2015-6-16
_xTEOLOGIA
_zUNKNOWN
_0COMPRA
_o.STAFF. Colección General
980 _81
_gALBERTO SANCHEZ Responsable de Automatización